| 000 | 00386nam a22001571a 4500 | ||
|---|---|---|---|
| 020 | _a9788190809511 | ||
| 082 |
_aH3 _bLAT/S |
||
| 100 | _aLatha Sharma | ||
| 245 |
_aSahi naap ke juthe/ _cby Latha Sharma |
||
| 260 |
_aNew Delhi: _bBharathiya Pusthak Parishad, _c2009. |
||
| 300 | _a192p. | ||
| 650 | _aNovel Hindi | ||
| 650 | _aLiterature Hindi | ||
| 650 | _aLiterature | ||
| 942 | _cBK | ||
| 999 |
_c39144 _d39144 |
||